Equations differentielles et systemes de Praff dans le champ complexe : seminaire
Αποθηκεύτηκε σε:
| Συλλογικό Έργο: | , |
|---|---|
| Άλλοι συγγραφείς: | , |
| Μορφή: | Βιβλίο |
| Γλώσσα: | French |
| Δημοσίευση: |
Berlin :
Springer-Verlag,
1983.
|
| Σειρά: | Lecture notes in mathematics (Springer-Verlag)
; 1015 |
| Θέματα: | |
| Ετικέτες: |
Προσθήκη ετικέτας
Δεν υπάρχουν, Καταχωρήστε ετικέτα πρώτοι!
|
MARC
| LEADER | 00000cam a2200000 i 4500 | ||
|---|---|---|---|
| 001 | 1/60724 | ||
| 008 | 941103s1983 gw ||| | fre|| | ||
| 020 | |a 3540126848 | ||
| 035 | |a 1993 |l 10046311 | ||
| 040 | |a GR-MY-UA |b gre |e aacr | ||
| 041 | 0 | |a fre | |
| 082 | 0 | |a 515.35 | |
| 245 | 1 | 0 | |a Equations differentielles et systemes de Praff dans le champ complexe : |b seminaire / |c edite par R. Gerarad et J.-P. Ramis. |
| 260 | |a Berlin : |b Springer-Verlag, |c 1983. | ||
| 300 | |a 411 σ. ; |c 25 εκ. | ||
| 490 | 1 | |a (Lecture notes in mathematics (Springer-Verlag) |v ; 1015) | |
| 504 | |a Περιέχει βιβλιογραφικές αναφορές και ευρετήριο. | ||
| 650 | 0 | 0 | |a Differential equations. |
| 650 | 0 | 0 | |a Pfaffian problem. |
| 650 | 0 | 0 | |a Functions of complex variables. |
| 650 | 0 | 0 | |a Speeches, addresses, etc. |
| 700 | 1 | |a Gerard, R. |q (Raymond), |d 1932- |e edt | |
| 700 | 1 | |a Ramis, J.-P. |q (Jean-Pierre) |e edt | |
| 710 | 2 | |a Centre national de la recherche scientifique (France) | |
| 710 | 2 | |a Institut de recherche mathematique avancaee. | |
| 830 | 0 | |a Lecture notes in mathematics (Springer-Verlag) |v ; 1015 | |
| 852 | |a INST |b SAMOS |e 19941103 |h 515.35 EQU |p 005300007779 |q 005300007779 |t BK |y 0 |z v.2 | ||
| 852 | |a INST |b SAMOS |e 19941103 |h 515.35 EQU |p 005300007779 |q 005300007779 |t BK |v v.2: |y 0 |z v.2 | ||
| 853 | |a INST |b SAMOS |h 515.35 EQU | ||
| 909 | |a Σ |b 028916 | ||